Questions-réponses sur Bruges - Statistiques

Statistiques générales
  • Ce quiz a été pris 29 fois
  • Le résultat moyen est 8 sur 16
Statistiques - réponses
Questions Réponses % Correct
Ses nombreux canaux confèrent à la ville son surnom de ____ __ ___ Venise du Nord
96%
Province dont Bruges est le chef-lieu. La Flandre occidentale
70%
Tissu léger réalisé à la main à partir de fils très fins en lin, en soie ou en coton, entre autre. La ville de Bruges est inextricablement liée à cet artisanat et ce depuis plusieurs siècles La dentelle
63%
Basilique qui tire son nom d'une relique, un morceau de tissu qui contiendrait le sang du Christ ramené par Thierry d'Alsace à la suite de la IIe Croisade au XIIe siècle. Basilique du Saint-Sang
59%
Chaque année à l'Ascension, cette relique est présentée à la population au cours d'une _______ religieuse. Procession
56%
Complexe que l'on trouve dans plusieurs villes du nord de l'Europe à l'initiative du prêtre liégeois Lambert le Bègue, où vivait une communauté religieuse laïque et, à l'origine, féminine, à une époque où la population féminine était importante du fait des Croisades. Celui de Bruges est d'une grande richesse architecturale. Le béguinage
48%
Course cycliste de renommée internationale dont le départ est désormais donné alternativement à Bruges et à Anvers, une année sur deux. Le Tour des Flandres
48%
Film de 2008, réalisé par le Britannique Martin McDonagh avec Colin Farrell et Brendan Gleeson, principalement tourné à Bruges. Bons baisers de Bruges
44%
Ancien bras de mer au nord de Bruges qui reliait jadis la ville à la mer pour en faire une plaque tournante du commerce au Moyen-âge. Son ensablement vers la fin du XVe siècle la priva de son accès à la mer et entama son déclin. Cette zone est devenue une grande réserve ornitologique. Le Zwin
44%
Artiste-peintre flamand, grande figure du mouvement appelé "Les Primitifs flamands", qui reposait dans cette même cathédrale et dont le tombeau a disparu à la suite de la destruction de celle-ci. Jan van Eyck
41%
À cette époque, les grandes villes flamandes telles que Bruges, Gand et Ypres commerçaient avec l'Angleterre pour faire fleurir leur industrie textile. L'Angleterre leur fournissait cette matière première. La laine
41%
Gourmandise très prisée en Belgique et notamment à Bruges, la ville lui ayant même consacré un musée. Le chocolat
41%
Duc de Bourgogne, ennemi du roi de France Louis XI, qui repose en l'Église Notre-Dame de Bruges. Charles le Téméraire
33%
La Cathédrale Saint-Donatien de Bruges fut détruite par les Français au cours de cette période sanglante. La Révolution française
33%
Fille unique du précédent dont le tombeau gît à ses côtés. Marie de Bourgogne
33%
Soulèvement historique d'artisans brugeois contre les partisans du roi de France Philippe le Bel désireux d'annexer les Flandres. Ce soulèvement de mai 1302 annonçait la Bataille des Éperons d'or contre les troupes du même Philippe le Bel. Matines de Bruges
33%
Aucun quiz correspondant
Distribution des résultats
% des personnes avec chaque résultat
Percentile par nombre de réponses
Votre historique - résultats
Vous n’avez pas pris ce quiz